| 000 | 01488cam a22003974a 4500 | ||
|---|---|---|---|
| 001 | 13338204 | ||
| 003 | OSt | ||
| 005 | 20140310184353.0 | ||
| 008 | 030910s2002 nyua j 000 1 eng d | ||
| 010 | _a 2003276414 | ||
| 020 | _a0439567165 | ||
| 035 | _a(OCoLC)ocm50419911 | ||
| 040 |
_aIMF _cIMF _dDPL _dMUS _dOCLCQ _dDLC |
||
| 042 |
_alcac _alccopycat |
||
| 050 | 0 | 0 |
_aPZ 8.3 _b.F9096Thi 2002 |
| 100 | 1 |
_aFresh, Doug E. _925339 |
|
| 245 | 1 | 0 |
_aThink again / _cDoug E. Fresh ; illustrated by Joseph Buckingham Jr. |
| 260 |
_aNew York : _bScholastic, _c2002 |
||
| 300 |
_bill. col. ; _c18 cm. |
||
| 490 | 1 | _aHip hop kid | |
| 500 | _a"It's never easy being the new kid at school, especially if you're different from everyone else in class ..." Includes a compact disc to read and rap along with--words and performed by Doug E. Fresh. | ||
| 500 | _a"Rap & read along with Doug E. Fresh!" | ||
| 521 | _aG10 | ||
| 526 | _c840 | ||
| 650 | 1 |
_aSchools _vFiction. _925340 |
|
| 650 | 1 |
_aRace relations _vFiction. _925341 |
|
| 650 | 1 |
_aPrejudices _vFiction. _925342 |
|
| 650 | 1 |
_aStories in rhyme. _95554 |
|
| 700 | 1 |
_aBuckingham, Joseph, _eill. _925343 |
|
| 830 | 0 |
_aHipKidHop _925344 |
|
| 856 | 4 | 2 |
_3Publisher description _uhttp://www.loc.gov/catdir/description/schol051/2003276414.html |
| 906 |
_a7 _bcbc _ccopycat _d2 _encip _f20 _gy-gencatlg |
||
| 942 |
_2lcc _cBK-SCHOLAS |
||
| 999 |
_c33974 _d33974 |
||